Programa de accion regional para las mujeres de América Latina y el Caribe y otros consensos regionales
Este documento constituye el Programa de Acción Regional para las Mujeres de América Latina y del Caribe presentado por la CEPAL. Recopila una serie de acuerdos y consensos dirigidos a lograr una mayor equidad, y además presenta las estrategias para lograr ese desarrollo social igualitario
Furkejuvvon:
| Materiálatiipa: | Texto |
|---|---|
| Almmustuhtton: |
[Mar del Plata]:
CEPAL
|
| Fáttát: | |
| Fáddágilkorat: |
Lasit fáddágilkoriid
Eai fáddágilkorat, Lasit vuosttaš fáddágilkora!
|
MARC
| LEADER | 00000 a a2200000 04500 | ||
|---|---|---|---|
| 001 | 32666 | ||
| 003 | |||
| 040 | |a CRAI/IIS |c CRAI/IIS | ||
| 090 | |a 203400 | ||
| 245 | |a Programa de accion regional para las mujeres de América Latina y el Caribe y otros consensos regionales | ||
| 260 | |a [Mar del Plata]: |b CEPAL | ||
| 300 | |a 77 p. | ||
| 520 | |a Este documento constituye el Programa de Acción Regional para las Mujeres de América Latina y del Caribe presentado por la CEPAL. Recopila una serie de acuerdos y consensos dirigidos a lograr una mayor equidad, y además presenta las estrategias para lograr ese desarrollo social igualitario | ||
| 650 | |a MUJERES | ||
| 650 | |a CONDICIONES ECONOMICAS | ||
| 650 | |a CONDICIONES SOCIALES | ||
| 650 | |a IGUALDAD DE GENERO | ||
| 650 | |a ACUERDOS INTERNACIONALES | ||
| 650 | |a PROGRAMAS DE DESARROLLO | ||
| 650 | |a ALIVIO DE LA POBREZA | ||
| 650 | |a PARTICIPACION SOCIAL | ||
| 650 | |a PARTICIPACION POLITICA | ||
| 650 | |a DERECHOS HUMANOS | ||
| 650 | |a PLURALISMO CULTURAL | ||
| 650 | |a DERECHO A LA CULTURA | ||
| 999 | |c 16459 |d 16459 | ||
